000 01280nam0a2200301 i 4500
001 RU\NLR\BIBL_A\010827008
005 20260408200155.0
010 _a9785774908301
_91000
035 _a(NLR Aleph) 010827008
090 _a10269070
_c10269070
100 _a20150831d2014 u y0rusy50 ca
101 0 _arus
102 _aRU
105 _ay|||z|||000zy
200 1 _aНемецкий формат
_eкак журналисты создали ФРГ
_fСергей Сумленный
_gРос. акад. нар. хоз-ва и гос. службы при Президенте Рос. Федерации
210 _aМосква
_cДело
_d2014
215 _a255 с.
_d21
300 _aНа 4-й с. обл. авт.: Сергей Сумленный - журналист, политолог-германист
320 _aБиблиогр.: с. 226-255
517 1 _aКак журналисты создали ФРГ
606 _aСредства массовой информации и политика
_3RU\NLR\AUTH\661423036
_92385644
686 _a76.0
_vLBC/M
_2rubbk
686 1 _aЧ600.3(4Ф)
700 1 _aСумленный
_bС.С.
_gСергей Сергеевич
942 _cBOOK
980 _aNBR